Statystyki dla Czy potrafisz odgadnąć te miasta? #1

Kliknij tutaj aby rozwiązać quiz!

Ogólne statystyki

  • Ten quiz został rozwiązany 19 razy
  • Średni wynik to 7 z 20

Statystyki odpowiedzi

PodpowiedźMiasto% Poprawnych
Miasto posiadające największy port świata pod względem szybkości przeładunku towarówSzanghaj
75%
W mieście znajduje się Uniwersytet im. Simona BolivaraCaracas
69%
Stolica Królestwa Dalmacji, które było częścią Austro-WęgierZagrzeb
69%
Największe miasto znajdujące się na wyspie HokkaidoSapporo
63%
Z tego miasta pochodzą piłkarze Leo Messi oraz Angel di MariaRosario
56%
Druga największa aglomeracja świataDżakarta
50%
Miasto założone w 1881 roku pod nazwą LéopoldvilleKinszasa
44%
Miasto znajdujące się nad cieśniną KattegatGöteborg
31%
Obok tego miasta leży wyspa, której nazwa jest taka sama jak nazwisko pewnego Holendra o imieniu ArjenKapsztad
31%
Miasto narodzin Pabla Picassa i Antonio BanderasaMalaga
31%
Najbardziej odosobniona metropolia na świecie (do najbliższego dużego miasta jest 2846 km)Perth
31%
Z miasta pochodzi klub Oilers grający w lidze NHLEdmonton
25%
Miasto leżące nad rzeką TietêSão Paulo
25%
Założyciele McDonald's pochodzą z tego miastaManchester
19%
Miasto z największym skupiskiem osób rasy białej w Afryce (poza RPA)Luanda
13%
Miasto rozciągające się od półwyspu Kapiti do gór RimutakaWellington
13%
W tym mieście znajduje się ważna dla kraju baza wojskowa - Fort BlissEl Paso
6%
Miasto, które w 2003 roku było kulturalną stolicą EuropyGraz
6%
Największe miasto Wybrzeża PieprzowegoMonrovia
6%
Miasto znane pod pseudonimem "Miasto Gór"Monterrey
0%

Rozkład punktacji

Percentyl według liczby udzielonych odpowiedzi

Procent ludzi z każdym wynikiem

Twoja historia wyników

Nie rozwiązałeś tego quizu